000 00430nam a2200169Ia 4500
008 240729s9999 xx 000 0 und d
022 _a1559-2308
245 0 _aEpigenetics
260 _aUnited Kingdom
260 _bTaylor & Francis Group
650 _a Biology (General)
650 _a Genetics
650 _aScience
856 _uhttps://doaj.org/toc/f960706fb7a247ddb04cad1b44b56f97
942 _2ddc
942 _cDOAJEJ
999 _c69082
_d69082
945 _a1
_bMadushi Gamage
_c1
_dMadushi Gamage